Fr. Conceicao Rodrigues College of Engineering

Digital design with standard MSI&LSI (Record no. 24459)

MARC details
000 -LEADER
fixed length control field 00334nam a2200145Ia 4500
082 ## - DEWEY DECIMAL CLASSIFICATION NUMBER
Classification number 621.3819584
Item number BL
100 ## - MAIN ENTRY--PERSONAL NAME
Personal name Blakeslee/ Thomas R
245 ## - TITLE STATEMENT
Title Digital design with standard MSI&LSI
260 ## - PUBLICATION, DISTRIBUTION, ETC.
Name of publisher, distributor, etc. John wiley and sons
Place of publication, distribution, etc. New York
Date of publication, distribution, etc. 1979
300 ## - PHYSICAL DESCRIPTION
Extent 384
546 ## - LANGUAGE NOTE
Language note ENGLISH
654 ## - SUBJECT ADDED ENTRY--FACETED TOPICAL TERMS
Focus term MSI&LSI
942 ## - ADDED ENTRY ELEMENTS (KOHA)
Koha item type BOOK
Holdings
Withdrawn status Lost status Damaged status Not for loan Collection Home library Current library Shelving location Date acquired Cost, normal purchase price Total Checkouts Full call number Barcode Date last seen Cost, replacement price Price effective from Koha item type
        CRC Fr. Agnel's C.Rodrigues College of Engineering Fr. Agnel's C.Rodrigues College of Engineering   17/03/2023 183.90   621.38195835 BL 3146 17/03/2023 183.90 17/03/2023 BOOK
        CRC Fr. Agnel's C.Rodrigues College of Engineering Fr. Agnel's C.Rodrigues College of Engineering   17/03/2023 183.90   621.38195835 BL 3147 17/03/2023 183.90 17/03/2023 BOOK
        CRC Fr. Agnel's C.Rodrigues College of Engineering Fr. Agnel's C.Rodrigues College of Engineering   17/03/2023 183.90   621.38195835 BL 3148 17/03/2023 183.90 17/03/2023 BOOK